La mediacin̤ para todos Mediacin̤ en el m̀bito civil e intrajudicial /

Bibliographic Details
Main Author: Soleto, Helena
Other Authors: Blohorn-Brenneur, Bǎtrice
Format: eBook
Language:Spanish
Published: Madrid: Dykinson, 2019
Subjects:
Online Access:Acceso restringido

MARC

LEADER 00000nam a22000007a 4500
005 20190830215549.0
007 cr|||| ||||
008 190830s2019 es |||||s|||| 00||0 spa d
020 |a 978-84-1324-216-3 
035 |a 24179 
040 |a vLex 
090 |c 9332  |d 9332 
100 1 |a Soleto, Helena 
245 1 2 |a La mediacin̤ para todos  |h [Recurso electrn̤ico] :  |b Mediacin̤ en el m̀bito civil e intrajudicial /  |c Helena Soleto, Bǎtrice Blohorn-Brenneur 
256 |a Servicio en ln̕ea 
260 |a Madrid:  |b Dykinson,  |c 2019 
300 |a 1 recurso electrn̤ico 
500 |a Este libro pretende brindar al lector una toma de contacto con la prc̀tica de la mediacin̤ desde un acercamiento ter̤ico cercano y simple, acompaądo de numerosos ejemplos que faciliten el aprendizaje. Presenta en primer lugar unas nociones bs̀icas sobre el conflicto, los diferentes mťodos de gestin̤ y su estrecha relacin̤ con la adecuada comunicacin̤, resultando de gran utilidad para quienes se estň formando en este m̀bito o quieran conocer ms̀ sobre esta herramienta de gestin̤ de conflictos en el m̀bito civil e intrajudicial. Igualmente refleja de manera detallada y completa el marco jurd̕ico de la mediacin̤ civil y mercantil en Espaą, delimitando con exactitud su alcance y repercusiones en su prc̀tica intrajudicial. El estudio de sus principios, caracters̕ticas y repercusiones tanto en el proceso como en la gestin̤ misma del conflicto trabajado brindan una visin̤ n̕tegra de la prc̀tica de la mediacin̤ en la actualidad. 
506 1 |a Disponible solo en los productos indicados  |d vLex Global  |d vLex Global (Academic Edition, excluding Law Schools)  |d vLex Global (U.S. Academic Edition, Law Schools)  |d vLex Global (U.S. Academic Edition, excluding Law Schools)  |d vLex Global (Academic Edition, Law Schools) 
650 0 4 |a Derecho Civil  |z Espaą 
650 0 4 |a Arbitraje  |z Espaą 
700 1 |a Blohorn-Brenneur, Bǎtrice 
740 0 |a vLex Libros (Servicio en ln̕ea) 
856 4 0 |u http://vlex.com/source/mediacion-para-todos-mediacion-en-el-ambito-civil-e-intrajudicial-24179  |z Acceso restringido 
942 |c BOOK 
999 0 |a Civil Law 
999 0 |a Arbitration